000 01238nam a2200277 a 4500
001 000017921
003 DO-SdBNP
005 20211208100035.0
008 100407s1988 dr b r 000 0 spa d
040 _aDO-SdBNP
_bspa
_cBNPHU
082 4 _a972.9402
_bP349i
_222
100 1 _aPeña Batlle, Manuel Arturo
_923316
245 1 3 _aLa isla de la Tortuga :
_bplaza de armas, refugio seminario de los enemigos de España en Indias /
_cManuel Arturo Peña Batlle ; prólogo D. Manuel Aznar.
250 _a3a. ed.
260 _aSanto Domingo :
_bTaller,
_c1988.
300 _a267 P. :
_bmap. ;
_c23 cm.
500 _aEstudio de algunas de las causas primeras y más importantes que determinaron la declinación del imperio español en América
500 _aIncluye referencias bibliográficas y notas al pie de las páginas
500 _aEstudio de algunas de las causas primeras y más importantes que determinaron la declinación del imperio español en América.
590 _aInventariado, 2019/BT
651 _aIsla Tortuga (Haití)
_938881
_xHistoria
_y1503-1795
651 4 _aEspaña
_xColonias
_938882
_zAmérica
700 1 _aAznar, D. Manuel,
_epról.
_938884
910 _aValidado. Control de calidad. MFF
942 _2ddc
_cLBS1
999 _c17445
_d17445